La formación del Estado en Nicaragua y Costa Rica en perspectiva comparada: Siglos XIX-XX /
Збережено в:
| Автор: | |
|---|---|
| Формат: | Книга |
| Мова: | Spanish |
| Теги: |
Додати тег
Немає тегів, Будьте першим, хто поставить тег для цього запису!
|
MARC
| LEADER | 00000nam a22000007a 4500 | ||
|---|---|---|---|
| 003 | cru IIS | ||
| 005 | 20220809135630.0 | ||
| 007 | ta | ||
| 008 | 220809t2018 cr |||p|r|||| 00| 0 spa d | ||
| 040 | |c cru IIS | ||
| 100 | 1 | |9 656 |a Acuña Ortega, Víctor Hugo |e Autor | |
| 245 | 1 | 3 | |a La formación del Estado en Nicaragua y Costa Rica en perspectiva comparada: |b Siglos XIX-XX / |c Víctor H. Acuña Ortega |
| 300 | |a páginas 247-285: |b tabla | ||
| 500 | |a Colección Centroamérica | ||
| 773 | 0 | |0 18765 |9 7627 |a Universidad de Costa Rica. |d San José, Costa Rica: Editorial Universidad de Costa Rica, 1974- |o 23636 |t Anuario de Estudios Centroamericanos / |x 03777316 | |
| 942 | |2 ddc |c PP | ||
| 999 | |c 44483 |d 44483 | ||
